Sub-millimeter bunch length non-invasive diagnostic based on the diffraction and Cherenkov radiation; Journal of Physics: Conference Series; Vol. 357, Iss. 1

Podrobná bibliografie
Parent link:Journal of Physics: Conference Series
Vol. 357, Iss. 1.— 2012.— [012023 , 6 p.]
Další autoři: Shevelev M. V. Mihail Viktorovich, Deng H., Potylitsyn A. P. Alexander Petrovich, Naumenko G. A. Gennadiy Andreevich, Zhang J., Lu Sh., Gogolev S. Yu. Sergey Yurevich, Shkitov D. A. Dmitriy Andreevich
Shrnutí:Title screen
A layout for the investigation the coherent Cherenkov radiation from a dielectric target with a large spectral dispersion and the coherent diffraction radiation from a conducting screen as a tool for non-invasive longitudinal electron beam profile diagnostics are proposed for the 20~30MeV Linac at Shanghai Institute of Applied Physics (SINAP). In this paper the status of the joint experiment and future plans are presented
Jazyk:angličtina
Vydáno: 2012
Témata:
On-line přístup:http://dx.doi.org/10.1088/1742-6596/357/1/012023
Médium: Elektronický zdroj Kapitola
KOHA link:https://koha.lib.tpu.ru/cgi-bin/koha/opac-detail.pl?biblionumber=636315

MARC

LEADER 00000naa2a2200000 4500
001 636315
005 20250917152819.0
035 |a (RuTPU)RU\TPU\network\247 
090 |a 636315 
100 |a 20131120d2012 k||y0rusy50 ba 
101 0 |a eng 
102 |a GB 
135 |a drnn ---uucaa 
181 0 |a i  
182 0 |a b 
200 1 |a Sub-millimeter bunch length non-invasive diagnostic based on the diffraction and Cherenkov radiation  |f M. V. Shevelev [et al.] 
203 |a Text  |c electronic 
300 |a Title screen 
320 |a [References: 6 tit.] 
330 |a A layout for the investigation the coherent Cherenkov radiation from a dielectric target with a large spectral dispersion and the coherent diffraction radiation from a conducting screen as a tool for non-invasive longitudinal electron beam profile diagnostics are proposed for the 20~30MeV Linac at Shanghai Institute of Applied Physics (SINAP). In this paper the status of the joint experiment and future plans are presented 
461 1 |0 (RuTPU)RU\TPU\network\3526  |t Journal of Physics: Conference Series 
463 1 |t Vol. 357, Iss. 1  |v [012023 , 6 p.]  |d 2012 
610 1 |a электронный ресурс 
610 1 |a труды учёных ТПУ 
701 1 |a Shevelev  |b M. V.  |c expert in the field of nuclear physics  |c engineer at Tomsk Polytechnic University  |f 1985-  |g Mihail Viktorovich  |3 (RuTPU)RU\TPU\pers\31529 
701 1 |a Deng  |b H. 
701 1 |a Potylitsyn  |b A. P.  |c Russian physicist  |c Professor of the TPU  |f 1945-  |g Alexander Petrovich  |3 (RuTPU)RU\TPU\pers\26306  |9 12068 
701 1 |a Naumenko  |b G. A.  |c physicist  |c senior research fellow of Tomsk Polytechnic University  |f 1947-  |g Gennadiy Andreevich  |3 (RuTPU)RU\TPU\pers\31524 
701 1 |a Zhang  |b J. 
701 1 |a Lu  |b Sh. 
701 1 |a Gogolev  |b S. Yu.  |c physicist  |c Associate Professor of Tomsk Polytechnic University, Candidate of Physical and Mathematical Sciences  |f 1986-  |g Sergey Yurevich  |3 (RuTPU)RU\TPU\pers\31517  |9 15678 
701 1 |a Shkitov  |b D. A.  |c physicist  |c Junior Researcher, Tomsk Polytechnic University, Candidate of Physical and Mathematical Sciences  |f 1985-  |g Dmitriy Andreevich  |3 (RuTPU)RU\TPU\pers\31538  |9 15699 
801 2 |a RU  |b 63413507  |c 20210628  |g RCR 
856 4 |u http://dx.doi.org/10.1088/1742-6596/357/1/012023 
942 |c CF